000 01028cam a22003011a 4500
001 gs 55000247
003 DLC
005 20260227111403.0
008 780805s1954 dcuab b f001 0 eng
010 _ags 55000247
035 _a(OCoLC)4112668
040 _aDLC
_cOClU
_dDNAL
_dDLC
042 _apremarc
050 0 0 _aQE75
_b.B9 no. 1008
070 0 _a407
_bG29B no.1008
072 0 _aX400
_aP100
100 1 _aEspenshade, Gilbert H.
_q(Gilbert Howry),
_d1912-
245 1 0 _aGeology and mineral deposits of the James River-Roanoke River manganese district, Virginia /
_cby Gilbert H. Espenshade.
260 _aWashington, [D.C.] :
_bU.S. G.P.O.,
_c1954.
300 _avii, 155 p. :
_bill., maps ;
_c24 cm. +
_e12 folded leaves in case.
440 0 _aGeological Survey bulletin ;
_v1008
504 _aBibliography: p. 148-152.
500 _aIncludes index.
650 0 _aGeology
_zVirginia.
650 0 _aPetrology
_zVirginia.
650 0 _aManganese ores
_zVirginia.
650 0 _aMines and mineral resources
_zVirginia.
999 _c28977
_d28977